LEADER 01377nam a2200313 a 4500 001 000000129934 003 CaOOAMICUS 005 20120906132632.0 008 120906s2012 it u000 u ita r 020 $a978-88-372-2580-3 040 $aPUL$bita 082 04$a230.09 100 1 $aPrinzivalli, Emanuela.$0(OLS)http://pul/name/1038 245 13$aLa teologia degli antichi cristiani :$b(secoli I-V) /$cEmanuela Prinzivalli, Manlio Simonetti. 260 $aBrescia :$bMorcelliana,$cİ2012. 300 $a442 p. ;$c23 cm 490 1 $aLetteratura cristiana antica.$aNuova serie ;$v26 500 $aComprende riferimenti bibliografici e indice. 650 4$aCristianesimo$ySec. I-IV.$0(OLS)http://pul/subject/8231 700 1 $aSimonetti, Manlio,$d1926-$0(OLS)http://pul/name/851 830 0$aLetteratura cristiana antica.$pNuova serie ;$v26.$0(OLS)http://pul/title/102092 850 $aPUL 852 $aPUL$W1$xSL Religione 3$y85$m230. 09 PRIEM 1$j150482$qDDC 21$B149007$CPULBib$Z2$F149007 $H120582 $82 941 1 $a9 996 $6020$a978-88-372-2580-3$9(OLS)http://pul/number/150420 996 $6082$a230.09$9(OLS)http://pul/classification/395 996 $6245$aLa teologia degli antichi cristiani :$b(secoli I-V)$9(OLS)http://pul/title/164246 996 $6260$aBrescia :$bMorcelliana$9(OLS)http://pul/publisher/47854 LEADER 01426nam a2200349 a 4500 001 000000139473 003 CaOOAMICUS 005 20140725105956.0 008 140725s2013 it u000 u ita r 020 $a978-88-382-4240-3 040 $aPUL$bita 082 04$a193 245 00$aCornelio Fabro e Franz Brentano :$bper un nuovo realismo /$cAntonio Russo (ed.) 260 $aRoma :$bStudium,$c2013. 300 $a255 p. ;$c23 cm 490 1 $aCultura. Nuova serie ;$v25 490 1 $aLa dialettica ;$v09 500 $aRelazioni presentate a un convegno tenuto a Trieste nel 2012. 504 $aBibliografia in nota. 650 4$aRealismo.$0(OLS)http://pul/subject/13832 650 4$aTomismo.$0(OLS)http://pul/subject/597 700 1 $aRusso, Antonio.$0(OLS)http://pul/name/2141 830 0$aDialettica ;$v09.$0(OLS)http://pul/title/3052 830 0$aCultura (Studium).$pNuova serie ;$v25.$0(OLS)http://pul/title/163646 850 $aPUL 852 $aPUL$W1$xSL Filosofia 3$y81$m193 RUSAN 1$j161110$qDDC 21$B160555$CPULBib$Z2$F160555 $H124530 $82 941 1 $a9 996 $6020$a978-88-382-4240-3 $9(OLS)http://pul/number/155872 996 $6082$a193$9(OLS)http://pul/classification/412 996 $6245$aCornelio Fabro e Franz Brentano :$bper un nuovo realismo$9(OLS)http://pul/title/176567 996 $6260$aRoma :$bStudium$9(OLS)http://pul/publisher/47892